[Event "Plaisance Ferme de L'Houme Op-B 4th"]
[Site "?"]
[Date "2020.02.08"]
[Round "1.1"]
[White "BILHERAN, Jean-Claude"]
[Black "CHANTHAVONGSA, Nouaym"]
[Result "1-0"]
[WhiteElo "1600"]
[BlackElo "1299"]
[PlyCount "65"]
[EventDate "2020.??.??"]
[SourceVersionDate "2020.03.17"]

1. e4 c5 2. Nc3 d6 3. f4 Nc6 4. Nf3 Nf6 5. Bc4 e6 6. O-O Be7 7. d4 cxd4 8. Nxd4
O-O 9. Be3 Nxe4 10. Nxe4 d5 11. Qf3 dxc4 12. Rad1 Qa5 13. g4 Nxd4 14. Bxd4 f5
15. gxf5 Rxf5 16. Qg3 g6 17. Be5 b6 18. Qh3 Rh5 19. Qg4 Bc5+ 20. Kg2 Be7 21.
Bf6 e5 22. Qe2 Bh3+ 23. Kh1 Bxf1 24. Qxf1 Bc5 25. Qxc4+ Kf8 26. Qd5 Re8 27. Nd6
Bxd6 28. Qxd6+ Kf7 29. Qd7+ Kxf6 30. Rd6+ Re6 31. Qxe6+ Kg7 32. Qe7+ Kh6 33.
Qf8# 1-0

[Event "Plaisance Ferme de L'Houme Op-B 4th"]
[Site "?"]
[Date "2020.02.08"]
[Round "1.2"]
[White "CONTIE, Lilio"]
[Black "PERROUIN, Alexian"]
[Result "0-1"]
[WhiteElo "1294"]
[BlackElo "1554"]
[PlyCount "116"]
[EventDate "2020.??.??"]
[SourceVersionDate "2020.03.17"]

1. e4 c6 2. d4 d5 3. e5 Bf5 4. Nc3 Nd7 5. Bd3 Bxd3 6. Qxd3 e6 7. Nf3 c5 8. dxc5
Bxc5 9. O-O Qc7 10. Nb5 Qb6 11. Be3 Bxe3 12. Nd6+ Kf8 13. fxe3 Ke7 14. Qa3 Qc5
15. Nxb7 Qxa3 16. bxa3 Nh6 17. Nd6 Rab8 18. c4 f6 19. cxd5 exd5 20. Rfd1 Ke6
21. e4 fxe5 22. Rxd5 Ng4 23. Nc4 Rhc8 24. Na5 h6 25. Nb3 Rc2 26. h3 Ngf6 27.
Ra5 Rb7 28. Nfd2 Rbc7 29. Ra6+ Ke7 30. Ra5 Ke6 31. Ra6+ R2c6 32. Rxc6+ Rxc6 33.
Kf1 Rc2 34. a4 Nb6 35. a5 Na4 36. a3 Nc3 37. a4 Nfxe4 38. Nxe4 Nxe4 39. Re1
Nd2+ 40. Nxd2 Rxd2 41. Ra1 Kd6 42. Rb1 Kc6 43. Re1 Rd5 44. Rc1+ Kb7 45. Rb1+
Ka6 46. Rc1 Kb7 47. Rb1+ Kc6 48. Rc1+ Rc5 49. Rb1 Rxa5 50. Rc1+ Rc5 51. Rb1 Rc4
52. Re1 Kd5 53. Rd1+ Ke6 54. Ra1 Kd5 55. Rd1+ Kc6 56. Re1 e4 57. Ra1 Kc5 58.
Ke2 a6 0-1

[Event "Plaisance Ferme de L'Houme Op-B 4th"]
[Site "?"]
[Date "2020.02.08"]
[Round "1.3"]
[White "MENDI, Eduardo"]
[Black "IZARD, Laurent"]
[Result "1-0"]
[WhiteElo "1554"]
[BlackElo "1286"]
[PlyCount "55"]
[EventDate "2020.??.??"]
[SourceVersionDate "2020.03.17"]

1. d4 d5 2. c4 e5 3. Nc3 dxc4 4. d5 Nf6 5. e4 Bb4 6. Qa4+ c6 7. Qxb4 cxd5 8.
exd5 Nbd7 9. Bxc4 a5 10. Qa4 O-O 11. Qd1 Nb6 12. Bb3 Qd7 13. a4 Rd8 14. d6 Qc6
15. Qf3 Qxd6 16. h3 Qb4 17. Bc2 Bd7 18. Nge2 Bc6 19. Qg3 Ne4 20. Bxe4 Bxe4 21.
O-O Bc2 22. Bh6 Bg6 23. Bc1 Bc2 24. Qxe5 Re8 25. Qb5 Qd6 26. Bf4 Qg6 27. Be3
Ra6 28. Qxe8# 1-0

[Event "Plaisance Ferme de L'Houme Op-B 4th"]
[Site "?"]
[Date "2020.02.08"]
[Round "1.5"]
[White "AUREJAC, Pierre"]
[Black "ZANIN, Patrick"]
[Result "0-1"]
[WhiteElo "1512"]
[BlackElo "1281"]
[PlyCount "46"]
[SourceVersionDate "2020.03.17"]

1. d4 d6 2. c4 Nf6 3. Nc3 e6 4. e4 Nbd7 5. Bd3 b6 6. Nf3 e5 7. d5 Nc5 8. Bc2
Bg4 9. b4 Bxf3 10. Qxf3 Ncd7 11. O-O Be7 12. Qg3 Rg8 13. Ne2 a5 14. Bd2 axb4
15. Bxb4 Nc5 16. Bxc5 bxc5 17. Nc3 Ra3 18. Qd3 Qa8 19. Qd2 Qa5 20. Ba4+ Rxa4
21. Qc2 Rxc4 22. Rfb1 Kd7 23. Qd3 Rxc3 0-1

[Event "Plaisance Ferme de L'Houme Op-B 4th"]
[Site "?"]
[Date "2020.02.08"]
[Round "1.6"]
[White "DE BARALLE, Michel"]
[Black "GRIMAULT, Lou"]
[Result "0-1"]
[WhiteElo "1272"]
[BlackElo "1493"]
[PlyCount "62"]
[SourceVersionDate "2020.03.17"]

1. d4 e6 2. Nf3 f5 3. c4 Nf6 4. Bg5 Bb4+ 5. Nc3 Bxc3+ 6. bxc3 O-O 7. e3 b6 8.
Be2 Bb7 9. O-O Qe8 10. Qc2 Ne4 11. Bf4 d6 12. h3 Nd7 13. Nd2 e5 14. Bh2 Qg6 15.
d5 Ndc5 16. Nxe4 Nxe4 17. Bd3 Ng5 18. Kh1 Bc8 19. Qe2 Qh6 20. f4 Nf7 21. Bc2 g6
22. Ba4 Ba6 23. Bb5 Bxb5 24. cxb5 Qg7 25. Qf2 exf4 26. exf4 Qxc3 27. Rfc1 Qg7
28. Rxc7 Qxa1+ 29. Bg1 Qb1 30. Qe2 Rfe8 31. Re7 Kf8 0-1

[Event "Plaisance Ferme de L'Houme Op-B 4th"]
[Site "?"]
[Date "2020.02.08"]
[Round "1.7"]
[White "BAUMGARTNER, Georges"]
[Black "GUILLOUD, Remi"]
[Result "1-0"]
[WhiteElo "1492"]
[BlackElo "1269"]
[PlyCount "81"]
[SourceVersionDate "2020.03.17"]

1. d4 f5 2. Bf4 Nf6 3. Nf3 g6 4. e3 Bg7 5. c3 O-O 6. Nbd2 Qe8 7. Be2 d6 8. h3
Bd7 9. Qb3+ Kh8 10. Qxb7 Nc6 11. Qb3 e5 12. Bh2 e4 13. Ng1 Rb8 14. Qc2 Qe7 15.
Bc4 Rb6 16. Ne2 Rfb8 17. b4 Be8 18. Bb3 a5 19. a3 Ra8 20. O-O Rbb8 21. Nf4 g5
22. Ne6 Bh6 23. d5 Ne5 24. Bxe5 dxe5 25. Nc4 Nxd5 26. Nc5 Bb5 27. Rfd1 Bxc4 28.
Bxc4 Nb6 29. Be2 Rg8 30. g4 axb4 31. axb4 Raf8 32. gxf5 Rxf5 33. Bg4 Rf6 34.
Qxe4 Rd6 35. Nb7 Rf6 36. Rd2 Rff8 37. Nc5 Nc8 38. Rd7 Nd6 39. Qc2 Qg7 40. Rxg7
Bxg7 41. Be6 1-0

[Event "Plaisance Ferme de L'Houme Op-B 4th"]
[Site "?"]
[Date "2020.02.08"]
[Round "1.8"]
[White "AUTHIER, Cléa"]
[Black "PARPINEL, Mario"]
[Result "0-1"]
[WhiteElo "1287"]
[BlackElo "1489"]
[PlyCount "76"]
[SourceVersionDate "2020.03.17"]

1. e4 d6 2. d4 Nf6 3. Nc3 e5 4. dxe5 dxe5 5. Qxd8+ Kxd8 6. Bg5 Be6 7. Nf3 Nbd7
8. Rd1 Kc8 9. Bb5 c6 10. Be2 Bb4 11. Bxf6 gxf6 12. Rd3 Nc5 13. Re3 Bxc3+ 14.
bxc3 Kc7 15. O-O b5 16. a3 Rhg8 17. Nd2 Rad8 18. Nf3 Rd6 19. h3 Bxh3 20. Nh4
Be6 21. Bd3 Rgd8 22. Rd1 Na4 23. Nf3 Nxc3 24. Rc1 Na4 25. Be2 Nb2 26. Kh2 Nc4
27. Bxc4 Bxc4 28. Rc3 Rd1 29. Rxd1 Rxd1 30. a4 a6 31. Nh4 Rd4 32. axb5 cxb5 33.
f3 b4 34. Re3 Rd2 35. c3 b3 36. Re1 Rc2 37. Nf5 b2 38. Rb1 Ba2 0-1

[Event "Plaisance Ferme de L'Houme Op-B 4th"]
[Site "?"]
[Date "2020.02.08"]
[Round "1.9"]
[White "VALDMAN, Andrei"]
[Black "NGUYEN, Sohayb"]
[Result "1/2-1/2"]
[WhiteElo "1478"]
[BlackElo "1248"]
[PlyCount "63"]
[SourceVersionDate "2020.03.17"]

1. e4 e5 2. Nf3 Nc6 3. Bb5 a6 4. Ba4 Nf6 5. O-O d6 6. d3 Be7 7. Re1 O-O 8. h3
b5 9. Bb3 Re8 10. c3 Bf8 11. Bg5 h6 12. Bh4 Be7 13. d4 Nh5 14. Bxe7 Qxe7 15.
Nbd2 Nf4 16. Nf1 Qf6 17. Ng3 h5 18. dxe5 Nxe5 19. Nxe5 Rxe5 20. Re3 h4 21. Ne2
Bb7 22. Nxf4 Qxf4 23. Rf3 Qxe4 24. Bxf7+ Kh8 25. Bb3 Qg6 26. Bc2 Bxf3 27. Qxf3
Qxc2 28. Qxa8+ Kh7 29. Qd8 Qxb2 30. Qxh4+ Kg8 31. Qd8+ Kh7 32. Qh4+ 1/2-1/2

[Event "Plaisance Ferme de L'Houme Op-B 4th"]
[Site "?"]
[Date "2020.02.08"]
[Round "1.10"]
[White "PAQUET, Anatole"]
[Black "ODONI-RUFFENACH, Yann"]
[Result "0-1"]
[WhiteElo "1246"]
[BlackElo "1469"]
[PlyCount "50"]
[SourceVersionDate "2020.03.18"]

1. d4 Nf6 2. c4 e6 3. Bg5 b6 4. Nc3 Bb4 5. Nf3 h6 6. Bh4 g5 7. a3 Bxc3+ 8. bxc3
gxh4 9. Nxh4 Ne4 10. Nf3 Bb7 11. Qc2 d6 12. e3 Nd7 13. Bd3 Ng5 14. Be2 Nxf3+
15. gxf3 Qf6 16. Qd1 e5 17. d5 e4 18. Kd2 Nc5 19. a4 Rg8 20. Bf1 Qh4 21. Ke1
Ke7 22. Ra3 Rg6 23. Qe2 Nd3+ 24. Kd2 Nxf2 25. Kc2 Nxh1 0-1

[Event "Plaisance Ferme de L'Houme Op-B 4th"]
[Site "?"]
[Date "2020.02.08"]
[Round "1.11"]
[White "GRIMAULT, Leane"]
[Black "GRIMAULT, Stephanie"]
[Result "1-0"]
[WhiteElo "1455"]
[BlackElo "1233"]
[Annotator "Charruyer,Baptiste"]
[PlyCount "97"]
[SourceVersionDate "2020.03.18"]

{[%evp 0,51,29,-3,-2,-11,18,31,14,7,64,51,39,37,40,35,18,0,21,53,42,-14,86,28,
55,11,34,35,45,61,115,92,123,98,109,50,117,57,88,75,99,97,97,77,77,47,134,35,
93,56,48,59,85,48]} 1. c4 e5 2. Nc3 c5 3. Nf3 Nc6 4. g3 g6 5. Bg2 Bg7 6. O-O
Nf6 7. a3 O-O 8. Rb1 a5 9. d3 d6 10. Nd5 Bg4 11. h3 Be6 12. Ng5 Nd4 13. Nxf6+
Bxf6 14. Nxe6 Nxe6 15. Bxb7 Rb8 16. Bg2 Nd4 17. f4 Bg7 18. Kh2 h5 19. Bd2 Re8
20. e3 Nf5 21. Qe1 exf4 22. gxf4 Rb3 23. Bxa5 Qe7 24. e4 Nh4 25. Bc3 Reb8 26.
Bxg7 Kxg7 27. Qd2 Qf6 28. Rf2 Qd4 29. f5 Rxd3 30. Qf4 Qf6 31. fxg6 Qxf4+ 32.
Rxf4 Nxg6 33. Rf5 Kh6 34. Rxf7 Rd2 35. Rf6 Rdxb2 36. Rxb2 Rxb2 37. Rxd6 Kg5 38.
Rd5+ Kf4 39. Rf5+ Ke3 40. Rf3+ Kd4 41. Rf5 Kxc4 42. Rxh5 Nf4 (42... Rxg2+ 43.
Kxg2 Nf4+) 43. Rg5 Kd3 44. h4 c4 45. h5 Ne6 46. Rg3+ Kd4 47. h6 c3 48. h7 c2
49. h8=Q+ 1-0

[Event "Plaisance Ferme de L'Houme Op-B 4th"]
[Site "?"]
[Date "2020.02.08"]
[Round "1.12"]
[White "ROBIN, Patrice"]
[Black "BENSUSSAN, Francois"]
[Result "1-0"]
[WhiteElo "1230"]
[BlackElo "1436"]
[PlyCount "81"]
[SourceVersionDate "2020.03.18"]

{[%evp 0,37,28,37,72,82,93,47,70,47,87,59,83,75,74,46,77,55,91,73,75,85,56,2,9,
-3,-11,-157,-157,-111,-108,-120,-21,-133,-62,-260,-214,-210,-80,-795]} 1. e4 g6
2. Nc3 Bg7 3. d3 d6 4. h3 c6 5. Nf3 e5 6. Be2 Ne7 7. Bg5 Qb6 8. Rb1 Qc7 9. Qd2
h6 10. Be3 f5 11. Qc1 f4 12. Bd2 Be6 13. d4 exd4 14. Nd1 g5 15. c3 c5 16. Qc2
O-O 17. h4 g4 18. Nh2 g3 19. Bg4 gxf2+ 20. Nxf2 Bc4 21. b3 Ba6 22. Be6+ Kh8 23.
cxd4 Bxd4 24. Bc3 Nbc6 25. Nfg4 b5 26. Nxh6 Rf6 27. Nf7+ Kg7 28. Bxd4 Nxd4 29.
Qd1 Rxf7 30. Bxf7 Kxf7 31. O-O Ne6 32. Qh5+ Ng6 33. g3 b4 34. Qh7+ Ng7 35. h5
Bxf1 36. hxg6+ Kf6 37. Rxf1 Ke5 38. Rxf4 Re8 39. Rf7 Re7 40. Qxg7+ Ke6 41. Qf6+
1-0

[Event "Plaisance Ferme de L'Houme Op-B 4th"]
[Site "?"]
[Date "2020.02.08"]
[Round "1.13"]
[White "MONTEUIL, Damien"]
[Black "TAILLEPIE, Adeline"]
[Result "0-1"]
[WhiteElo "1436"]
[BlackElo "1230"]
[PlyCount "80"]
[SourceVersionDate "2020.03.18"]

{[%evp 0,22,28,13,54,66,59,66,71,44,38,32,53,17,67,34,67,57,61,52,52,47,56,22,
43]} 1. e4 c6 2. d4 d5 3. exd5 cxd5 4. Bd3 Nf6 5. c3 e6 6. Bf4 Nbd7 7. Nf3 Be7
8. O-O O-O 9. Nbd2 b6 10. Re1 Bb7 11. Ne5 h6 12. Nf1 Ne4 13. Nf3 Ndf6 14. N3d2
Bd6 15. Bxd6 Qxd6 16. Nf3 Rac8 17. Rc1 a6 18. Ne5 b5 19. Ne3 Nd7 20. Nxd7 Qxd7
21. Ng4 f6 22. Qe2 h5 23. Ne3 Qf7 24. Nf1 Rfe8 25. Nd2 f5 26. Nf3 Qg6 27. Ne5
Qh6 28. f3 Nd6 29. h4 Nf7 30. Rf1 Qf4 31. Ng6 Qg3 32. Ne5 Qxh4 33. f4 Nh6 34.
Ng6 Qg4 35. Ne5 Qh4 36. Ng6 Qg3 37. Ne5 Ng4 38. Nxg4 hxg4 39. Bb1 Qh4 40. Qf2
g3 0-1

[Event "Plaisance Ferme de L'Houme Op-B 4th"]
[Site "?"]
[Date "2020.02.08"]
[Round "1.14"]
[White "MAZIARZ, Martin"]
[Black "BORIES, Jean-Paul"]
[Result "*"]
[WhiteElo "1229"]
[BlackElo "1427"]
[PlyCount "109"]
[SourceVersionDate "2020.03.18"]

{[%evp 0,11,26,18,30,-24,0,-14,46,25,102,90,79,70]} 1. d4 d5 2. c4 e6 3. Nf3 c6
4. Nc3 f5 5. c5 Nf6 6. Bg5 Be7 7. h3 O-O 8. e3 Nbd7 9. Bd3 b6 10. b4 Bb7 11. h4
Ne4 12. Bxe7 Qxe7 13. Ne2 e5 14. Rc1 exd4 15. Nfxd4 bxc5 16. bxc5 Ndxc5 17. f3
Ng3 18. Nxg3 Qxe3+ 19. Be2 Nd3+ 20. Qxd3 Qxc1+ 21. Kf2 Qc5 22. Ngxf5 Rxf5 23.
Qxf5 Qxd4+ 24. Kg3 Re8 25. Bd3 Qe5+ 26. Qxe5 Rxe5 27. Rb1 Re7 28. Rb4 c5 29.
Rf4 c4 30. Bf5 g6 31. Rg4 d4 32. Bb1 Rd7 33. h5 Kg7 34. hxg6 h6 35. Bf5 Rd6 36.
Rf4 c3 37. Bd3 Rd7 38. Bf5 Rc7 39. Bd3 c2 40. Bxc2 Rxc2 41. Rf7+ Kxg6 42. Rxb7
d3 43. Rd7 d2 44. Kf4 Rxa2 45. Ke3 a5 46. Rxd2 Rxd2 47. Kxd2 a4 48. Kc2 a3 49.
Kb3 Kg5 50. g3 h5 51. Ka2 Kf5 52. Kxa3 Ke5 53. Kb3 Kf5 54. Kc3 Kg5 55. Kd3 *

[Event "Plaisance Ferme de L'Houme Op-B 4th"]
[Site "?"]
[Date "2020.02.08"]
[Round "1.15"]
[White "FESIGNY, Oceane"]
[Black "MAZIARZ, Antoine"]
[Result "1-0"]
[WhiteElo "1426"]
[BlackElo "1226"]
[PlyCount "43"]
[SourceVersionDate "2020.03.18"]

{[%evp 0,1,28,39]} 1. e4 e5 2. Nf3 Nc6 3. Bc4 Bc5 4. d3 Nf6 5. c3 d6 6. Nbd2
O-O 7. Nf1 Ng4 8. Ne3 Nxe3 9. Bxe3 Bxe3 10. fxe3 Bg4 11. O-O Na5 12. Bb3 Nxb3
13. Qxb3 Qe7 14. Qxb7 Rab8 15. Qxa7 Rxb2 16. Qa3 Rfb8 17. h3 Bxf3 18. Rxf3 Qg5
19. Rf2 Qxe3 20. Raf1 Rxf2 21. Rxf2 Rb1+ 22. Kh2 1-0

[Event "Plaisance Ferme de L'Houme Op-B 4th"]
[Site "?"]
[Date "2020.02.08"]
[Round "1.16"]
[White "FALIK, Charles"]
[Black "SCHOETTLER, Michael"]
[Result "0-1"]
[WhiteElo "1225"]
[BlackElo "1425"]
[PlyCount "92"]
[SourceVersionDate "2020.03.18"]

{[%evp 0,19,28,29,27,-16,30,31,43,36,50,38,84,84,74,57,64,72,72,57,82,77]} 1.
d4 Nf6 2. c4 c5 3. d5 d6 4. Nc3 e5 5. e4 g6 6. Nf3 Bg7 7. Be2 O-O 8. O-O Nbd7
9. Bd2 Nb6 10. b3 Nh5 11. Bg5 f6 12. Bh4 Nf4 13. Bg3 h6 14. Bxf4 exf4 15. Rc1
f5 16. Bd3 fxe4 17. Bxe4 Bf5 18. Re1 Nd7 19. Bxf5 Rxf5 20. Qd3 Ne5 21. Nxe5
Bxe5 22. Ne4 Qf8 23. Qh3 Re8 24. Rc2 Rh5 25. Qg4 Qg7 26. Nxd6 Re7 27. Qc8+ Kh7
28. Ne4 Rc7 29. Qg4 Rf5 30. f3 Qf7 31. Qh4 g5 32. Qh3 h5 33. g3 Qg6 34. g4 Rff7
35. Qxh5+ Qxh5 36. gxh5 Kh6 37. Kg2 Bd4 38. d6 Rcd7 39. a4 a5 40. Ree2 Kxh5 41.
Nf2 Rxd6 42. Ne4 Rdd7 43. Re1 Be3 44. Ra2 Rd3 45. Rb2 Rfd7 46. Nxc5 Bxc5 0-1

[Event "Plaisance Ferme de L'Houme Op-B 4th"]
[Site "?"]
[Date "2020.02.08"]
[Round "1.16"]
[White "BARRAU, Leanna"]
[Black "DUPUIS, Esteban"]
[Result "1/2-1/2"]
[WhiteElo "1408"]
[BlackElo "1204"]
[PlyCount "103"]
[SourceVersionDate "2020.03.18"]

{[%evp 0,13,28,39,36,36,30,24,29,25,88,37,44,37,37,30]} 1. d4 d5 2. Nf3 Nf6 3.
Bf4 e6 4. e3 c5 5. c3 a6 6. Bd3 Qb6 7. Qc2 Nc6 8. h3 Be7 9. O-O c4 10. Be2 O-O
11. Nbd2 Qa5 12. e4 b5 13. Ne5 Bb7 14. Bg5 h6 15. Bxf6 Bxf6 16. Nd7 Be7 17.
Nxf8 Bxf8 18. exd5 exd5 19. Bf3 Rd8 20. b4 cxb3 21. Nxb3 Qa4 22. Rac1 Ba3 23.
Rcd1 Rc8 24. Qe2 Na5 25. Nxa5 Qxa5 26. Qe5 Qxc3 27. Bxd5 Bxd5 28. Qxd5 Qc2 29.
Qb3 Rc3 30. Qxc2 Rxc2 31. Ra1 Rc4 32. d5 Bd6 33. Rfe1 Kf8 34. Rac1 Bb4 35. Rxc4
bxc4 36. Rb1 a5 37. Rc1 c3 38. a3 Bxa3 39. Rxc3 Bb4 40. Rb3 Ke7 41. Kf1 Kd6 42.
Rd3 a4 43. Rd4 Kc5 44. Rd1 a3 45. d6 Ba5 46. d7 Bd8 47. Rb1 Kc4 48. Rc1+ Kb3
49. Ke2 Kb2 50. Kd1 a2 51. Rc2+ Kb1 52. Rc1+ 1/2-1/2

[Event "Plaisance Ferme de L'Houme Op-B 4th"]
[Site "?"]
[Date "2020.02.08"]
[Round "1.19"]
[White "MORENO-CHABOT, Clement"]
[Black "CHOC-AVENTIN, Silas"]
[Result "1-0"]
[WhiteElo "1380"]
[BlackElo "1199"]
[PlyCount "31"]
[SourceVersionDate "2020.03.18"]

{[%evp 0,27,35,15,15,-16,-14,-7,43,43,48,38,83,16,17,15,55,46,36,29,32,9,11,
-19,-82,-169,-169,-193,-193,-193]} 1. d4 Nf6 2. c4 e6 3. Nf3 Bb4+ 4. Bd2 Qe7 5.
Qc2 c5 6. a3 Bxd2+ 7. Nbxd2 Nc6 8. dxc5 Qxc5 9. g3 d5 10. b4 Nd4 11. Nxd4 Qxd4
12. Rd1 dxc4 13. Nxc4 Qg4 14. Nd6+ Ke7 15. Qc5 Re8 16. Nxc8# 1-0

[Event "Plaisance Ferme de L'Houme Op-B 4th"]
[Site "?"]
[Date "2020.02.08"]
[Round "1.20"]
[White "CONTIE, Yohan"]
[Black "GRAMONT, Francois"]
[Result "0-1"]
[WhiteElo "1199"]
[BlackElo "1372"]
[PlyCount "28"]
[SourceVersionDate "2020.03.18"]

1. e4 c5 2. Nc3 a6 3. a4 d6 4. Bc4 e6 5. d3 Nf6 6. f4 Nc6 7. Nf3 Qc7 8. d4 cxd4
9. Nxd4 Nxd4 10. Qxd4 Be7 11. e5 dxe5 12. fxe5 Nd7 13. Bf4 b6 14. O-O Bc5 0-1

[Event "Plaisance Ferme de L'Houme Op-B 4th "]
[Site "Cap d'Agde"]
[Date "2020.02.08"]
[Round "1.21"]
[White "CHARRUYER, Baptiste"]
[Black "POCHET, Frederic"]
[Result "1-0"]
[WhiteElo "1361"]
[BlackElo "1199"]
[PlyCount "57"]
[EventDate "2017.??.??"]
[EventType "swiss"]
[EventRounds "9"]
[EventCountry "FRA"]

{[%evp 0,57,28,12,37,20,5,5,5,17,17,10,16,15,11,11,6,-23,-23,-18,5,5,75,103,
247,248,248,259,251,260,260,260,269,259,257,219,214,248,252,246,332,349,402,
388,458,474,609,693,727,513,534,531,526,461,480,488,516,483,494,477]} 1. e4 e5
2. Nc3 Nc6 3. Bc4 Nf6 4. d3 Be7 5. Nge2 O-O 6. O-O Na5 7. Bb3 c6 8. Ng3 d5 9.
Bg5 d4 10. Nce2 Be6 11. Bxf6 Bxf6 12. Bxe6 fxe6 13. b4 c5 14. bxa5 Qxa5 15. Qb1
b5 16. Qb3 Qa6 17. f4 exf4 18. Nxf4 c4 19. Qb4 Rf7 20. a4 Rb7 21. axb5 Qb6 22.
Qxc4 Qxb5 23. Qxe6+ Kh8 24. Qd5 a5 25. Qxb5 Rxb5 26. Nd5 Be5 27. Rf7 Rb2 28.
Nf5 Rxc2 29. Rxa5 1-0

[Event "Plaisance Ferme de L'Houme Op-B 4th "]
[Site "Cap d'Agde"]
[Date "2020.02.08"]
[Round "1.22"]
[White "HAPPE, Yoann"]
[Black "VALDMAN, Dmitry"]
[Result "1-0"]
[WhiteElo "1191"]
[BlackElo "1359"]
[PlyCount "65"]
[EventDate "2017.??.??"]
[SourceVersionDate "2020.03.18"]

{[%evp 0,25,28,-12,-25,-62,-37,-56,-34,-10,-24,-9,18,12,8,-2,-10,-6,-6,-16,-5,
1,1,-7,1,-10,48,-98]} 1. c4 e5 2. g3 Nf6 3. Bg2 d5 4. cxd5 Nxd5 5. Nc3 Nb6 6.
Nf3 Nc6 7. O-O Be7 8. a3 O-O 9. b4 a6 10. d3 Be6 11. Bb2 f5 12. e4 f4 13. b5
axb5 14. Nxb5 fxg3 15. hxg3 Ra5 16. a4 Bf6 17. Bc3 Ra8 18. a5 Nd7 19. Nd2 Nc5
20. Nf3 Nxd3 21. Nxc7 Qxc7 22. Qxd3 Rfd8 23. Qb5 Ne7 24. Rfc1 Bd7 25. Qb3+ Kh8
26. Bxe5 Ba4 27. Qxa4 Qd7 28. Qxd7 Rxd7 29. Bxf6 gxf6 30. e5 f5 31. Ng5 Rg8 32.
f4 h6 33. Nf7+ 1-0

[Event "Plaisance Ferme de L'Houme Op-B 4th"]
[Site "Cap d'Agde"]
[Date "2020.02.08"]
[Round "1.23"]
[White "BONNET, Aurelien"]
[Black "BERRAD, Inès"]
[Result "1/2-1/2"]
[WhiteElo "1358"]
[BlackElo "1185"]
[PlyCount "39"]
[EventDate "2017.??.??"]
[SourceVersionDate "2020.03.19"]

1. e4 d5 2. exd5 Qxd5 3. Nc3 Qa5 4. d4 Nf6 5. Bd2 c6 6. Bc4 Qc7 7. Nf3 Bf5 8.
Ne5 e6 9. O-O Bd6 10. Bf4 Nbd7 11. Re1 Ng4 12. Nxd7 Bxf4 13. h3 Bh2+ 14. Kf1
Qf4 15. hxg4 Bxg4 16. Qd3 Kxd7 17. Ne2 Bxe2+ 18. Rxe2 h5 19. Qb3 Kc7 20. Rd1
1/2-1/2

[Event "Plaisance Ferme de L'Houme Op-B 4th"]
[Site "Cap d'Agde"]
[Date "2020.02.08"]
[Round "1.24"]
[White "ROULLEAUX, Nicolas"]
[Black "SAYAH-HOBON, Noah"]
[Result "0-1"]
[WhiteElo "1181"]
[BlackElo "1358"]
[PlyCount "122"]
[EventDate "2017.??.??"]
[SourceVersionDate "2020.03.19"]

1. d4 Nf6 2. e3 e6 3. Nf3 d5 4. Be2 c5 5. c3 cxd4 6. cxd4 Bb4+ 7. Nbd2 O-O 8.
a3 Bd6 9. b4 Bd7 10. O-O Qc7 11. Bb2 a6 12. Rc1 Nc6 13. g3 Rac8 14. Nb3 b6 15.
Bxa6 Ra8 16. Bb5 (16. b5) 16... Qb7 17. Rc2 Na7 18. Bd3 Rac8 19. Rxc8 Rxc8 20.
Ne5 Bxe5 21. dxe5 Ne8 22. Re1 Bb5 23. Bxb5 Nxb5 24. a4 Nc3 25. Bxc3 Rxc3 26. h4
g6 27. b5 Qc7 28. Nd4 Qxe5 29. Qd2 Rc4 30. Nc6 Qc7 31. Qb2 f6 32. Qa3 Qd6 33.
Qa2 Ng7 34. a5 bxa5 35. Qxa5 Rxc6 36. Qa8+ Kf7 37. bxc6 Ne8 38. Rb1 Nc7 39. Qb7
Ke7 40. Ra1 Qd8 41. Ra7 Kd6 42. Kg2 e5 43. Ra4 Qe8 44. Ra7 Qxc6 45. Qxc6+ Kxc6
46. Ra2 f5 47. Rc2+ Kd6 48. Rb2 d4 49. Rd2 Kd5 50. Kf3 e4+ 51. Ke2 d3+ 52. Kd1
Kc4 53. Ra2 Nd5 54. Kd2 Nc3 55. Ra7 Nb1+ 56. Kd1 Kc3 57. Rb7 (57. Rc7+) 57...
Nd2 58. Rxh7 Nc4 59. Rg7 Nb2+ 60. Ke1 d2+ 61. Kf1 d1=Q+ 0-1

[Event "Plaisance Ferme de L'Houme Op-B 4th"]
[Site "Cap d'Agde"]
[Date "2020.02.08"]
[Round "1.25"]
[White "BLOND, Jerome"]
[Black "POKEE, Michele"]
[Result "1-0"]
[WhiteElo "1351"]
[BlackElo "1156"]
[PlyCount "32"]
[EventDate "2017.??.??"]
[SourceVersionDate "2020.03.19"]

1. d4 d5 2. Nf3 Bf5 3. Bf4 Nd7 4. e3 e6 5. Bb5 Ngf6 6. O-O Be7 7. Nbd2 O-O 8.
Rc1 c5 9. dxc5 Nxc5 10. Be5 Nfe4 11. Nxe4 Bxe4 12. Qd4 f6 13. Bg3 Rc8 14. b4 e5
15. Nxe5 fxe5 16. Bxe5 Ne6 1-0

[Event "Plaisance Ferme de L'Houme Op-B 4th"]
[Site "Cap d'Agde"]
[Date "2020.02.08"]
[Round "1.26"]
[White "CERONI, Pascal"]
[Black "FORTIN, Dany"]
[Result "1/2-1/2"]
[WhiteElo "1136"]
[BlackElo "1350"]
[PlyCount "104"]
[EventDate "2017.??.??"]
[SourceVersionDate "2020.03.19"]

1. e4 Nf6 2. Nc3 e5 3. Bc4 c6 4. a3 d5 5. exd5 cxd5 6. Ba2 Bc5 7. Qe2 Nc6 8. b4
Bb6 9. Nf3 O-O 10. O-O Re8 11. d3 Bg4 12. Bg5 Nd4 13. Qd1 Qd6 14. Re1 Rac8 15.
Na4 e4 16. dxe4 dxe4 17. Nxb6 Qxb6 18. Be3 Nxf3+ 19. gxf3 Bxf3 20. Bxb6 Bxd1
21. Raxd1 axb6 22. Rd4 g6 23. Rd6 Kg7 24. Re2 Rc6 25. Rd4 b5 26. Bd5 Rd6 27.
Rdxe4 Nxe4 28. Bxe4 Re5 29. f4 Rd1+ 30. Kf2 Re7 31. Bd3 Rxe2+ 32. Kxe2 Ra1 33.
Bxb5 Rxa3 34. Bd3 b6 35. Ke3 Ra4 36. c3 f5 37. Kd4 Ra8 38. c4 Kf6 39. c5 bxc5+
40. bxc5 Ke6 41. Bc4+ Kd7 42. Bd5 Ra4+ 43. Ke5 Kc7 44. h4 Ra3 45. Kf6 Ra4 46.
Kg5 Ra5 47. Bg8 Rxc5 48. Bxh7 Rc6 49. Bxg6 Kd6 50. Bxf5 Ke7 51. h5 Kf7 52. Bh7
Kg7 1/2-1/2

[Event "Plaisance Ferme de L'Houme Op-B 4th"]
[Site "Cap d'Agde"]
[Date "2020.02.08"]
[Round "1.27"]
[White "COUET, Justin"]
[Black "REINAGEL, Christine"]
[Result "1-0"]
[WhiteElo "1343"]
[BlackElo "1108"]
[PlyCount "77"]
[EventDate "2017.??.??"]
[SourceVersionDate "2020.03.19"]

1. e4 e5 2. Nf3 Nc6 3. Bc4 d5 4. Bxd5 Bg4 5. Bxc6+ bxc6 6. O-O Nf6 7. d3 h6 8.
Be3 a5 9. Nbd2 c5 10. Qc1 Bd6 11. h3 Bh5 12. Nh2 O-O 13. Nb3 Qe7 14. Re1 Nh7
15. Nf1 Ng5 16. Nfd2 a4 17. Bxg5 Qxg5 18. Nf3 Qf6 19. Nbd2 Rfe8 20. Nh2 Qg6 21.
Nc4 Re6 22. Nxd6 cxd6 23. Qe3 Rf6 24. Rf1 Qh7 25. Qg3 Rg6 26. Qe3 Re6 27. c3
Ra5 28. b4 axb3 29. axb3 Rxa1 30. Rxa1 f5 31. exf5 Qxf5 32. g4 Qg6 33. Ra8+ Kf7
34. Qf3+ Rf6 35. Qd5+ Re6 36. Ra7+ Kf6 37. Qf3+ Kg5 38. gxh5 Rf6 39. Qg4# 1-0

[Event "Plaisance Ferme de L'Houme Op-B 4th"]
[Site "?"]
[Date "2020.02.08"]
[Round "1.28"]
[White "CHAREYRE, Sylvain"]
[Black "BARDIN, Michel"]
[Result "0-1"]
[WhiteElo "1108"]
[BlackElo "1328"]
[PlyCount "32"]

1. d4 Nf6 2. e3 d6 3. Nf3 b6 4. g3 Bb7 5. Bg2 Nbd7 6. O-O c5 7. c4 a6 8. Nc3
Qc7 9. Ng5 Bxg2 10. Kxg2 cxd4 11. Qxd4 Rc8 12. b3 e6 13. Ba3 Be7 14. Nce4 Nc5
15. Nxd6+ Bxd6 16. Qxd6 Qxd6 0-1

[Event "Plaisance Ferme de L'Houme Op-B 4th"]
[Site "?"]
[Date "2020.02.08"]
[Round "1.32"]
[White "SAYAH, Nourine"]
[Black "PAQUET, Louis"]
[Result "0-1"]
[WhiteElo "1034"]
[BlackElo "1318"]
[PlyCount "29"]

1. e4 e6 2. d4 d5 3. e5 c5 4. Bb5+ Bd7 5. Bxd7+ Nxd7 6. c3 Ne7 7. Nf3 Nf5 8.
Nbd2 Qb6 9. Nb3 a5 10. a4 cxd4 11. cxd4 Be7 12. Be3 Nxe3 13. fxe3 O-O 14. O-O
Rac8 15. Qd3 0-1

[Event "Plaisance Ferme de L'Houme Op-B 4th"]
[Site "?"]
[Date "2020.02.08"]
[Round "1.31"]
[White "SOULIE, David"]
[Black "DAUVERGNE, Armand"]
[Result "0-1"]
[WhiteElo "1319"]
[BlackElo "1078"]
[PlyCount "22"]

1. d4 d5 2. Nc3 Nc6 3. Bf4 e6 4. h3 f5 5. Nf3 Nf6 6. e3 Bb4 7. a3 Bd6 8. Bh2
Qe7 9. Bd3 Ne4 10. Nd2 Qh4 11. Nf3 Qxf2# 0-1